Molecular investigations on abiotic stress tolerance and development of transgenic plants of Hevea brasiliensis (Record no. 48862)

MARC details
000 -LEADER
fixed length control field 00648nam a2200157Ia 4500
100 ## - MAIN ENTRY--AUTHOR NAME
Personal name Saha T
245 #0 - TITLE STATEMENT
Title Molecular investigations on abiotic stress tolerance and development of transgenic plants of Hevea brasiliensis
260 ## - PUBLICATION, DISTRIBUTION, ETC. (IMPRINT)
Name of publisher Climate Change, Low Carbon Economy and Sustainable Natural Rubber Industry: Preprints of Proceedings of IRRDB International Rubber Conference 2010, 18-19 October 2010 Sanya, Hainan, China, pp. 535-538.
650 ## - SUBJECT ADDED ENTRY--TOPICAL TERM
Topical Term Abiotic stress
650 ## - SUBJECT ADDED ENTRY--TOPICAL TERM
Topical Term Transgenic plants
700 ## - ADDED ENTRY--PERSONAL NAME
Personal name Sathik M B M
700 ## - ADDED ENTRY--PERSONAL NAME
Personal name Thomas M
700 ## - ADDED ENTRY--PERSONAL NAME
Personal name Thulaseedharan A
942 ## - ADDED ENTRY ELEMENTS (KOHA)
Koha item type Bibliography STAF
Holdings
Withdrawn status Lost status Damaged status Not for loan Home library Current library Shelving location Date acquired Koha item type
      Bibliography RRII Library RRII Library Biotechnology 14/08/2012 Bibliography STAF